[Event "Titled Tuesday intern op 30th June"]
[Site "Chess.com INT"]
[Date "2020.06.30"]
[Round "10"]
[White "Rameshbabu Praggnanandhaa"]
[Black "Vjacheslav Weetik"]
[Result "0-1"]
[EventDate "?"]
[WhiteElo "2608"]
[BlackElo "2423"]
[Source "chessbites.com"]
[PlyCount "136"]

1. Nf3 Nf6 2. g3 d5 3. Bg2 c6 4. O-O Bg4 5. d3 Nbd7 6. h3 Bh5 7. c4 e6 8. cxd5 exd5 9. e4 Be7 10. Nc3 O-O 11. g4 Bg6 12. e5 Ne8 13. d4 Nc7 14. Be3 Ne6 15. Qe2 f5 16. exf6 Bxf6 17. Rad1 Qe7 18. Rfe1 Rae8 19. Qd2 Qd6 20. Re2 Bd8 21. Rde1 Bc7 22. Kf1 Be4 23. Nxe4 dxe4 24. Nh4 Qh2 25. d5 cxd5 26. Qxd5 Nf6 27. Qxb7 Bb6 28. Nf5 g6 29. Nh6+ Kh8 30. Nf7+ Kg8 31. Nh6+ Kh8 32. Bc1 Nf4 33. Bxf4 Qxf4 34. Nf7+ Kg8 35. Qc6 Rxf7 36. g5 Qxg5 37. a4 Ref8 38. a5 Qxa5 39. Rd1 Qf5 40. Rd6 Kg7 41. Ke1 Qf4 42. Kd1 Qxd6+ 43. Qxd6 Rd7 44. Qxd7+ Nxd7 45. Rxe4 Rxf2 46. Re7+ Rf7 47. Re2 Nf6 48. Bc6 Rc7 49. Re6 h5 50. b4 Kf7 51. Rd6 Ke7 52. Rd2 Rxc6 53. Re2+ Re6 54. Rg2 Ne4 55. Kc2 g5 56. Kb3 Kf6 57. Ka4 Kf5 58. Kb5 g4 59. Ka6 g3 60. h4 Kg4 61. Rc2 Kf3 62. b5 Nc5+ 63. Rxc5 Bxc5+ 64. Kb7 Rb6+ 65. Ka8 g2 66. Kxa7 g1=Q 67. Ka8 Qg8+ 68. Ka7 Qb8# 0-1

[Event "Titled Tuesday intern op 16th June"]
[Site "Chess.com INT"]
[Date "2020.06.16"]
[Round "1"]
[White "Rameshbabu Praggnanandhaa"]
[Black "Mateus Costamilan Tomiello"]
[Result "1-0"]
[EventDate "?"]
[WhiteElo "2608"]
[BlackElo "1969"]
[Source "chessbites.com"]
[PlyCount "66"]

1. Nf3 Nf6 2. b3 g6 3. Bb2 Bg7 4. g3 O-O 5. Bg2 d5 6. c4 c6 7. O-O Nbd7 8. d4 Ne4 9. e3 a5 10. Nc3 Nxc3 11. Bxc3 a4 12. cxd5 cxd5 13. bxa4 Nb6 14. a5 Nc4 15. Ne5 Nxa5 16. Qa4 Be6 17. Qb5 f6 18. Nd3 Nc4 19. Nf4 Bf7 20. Bxd5 Nd6 21. Qb3 Bxd5 22. Qxd5+ Rf7 23. Bb4 Qb6 24. Bc5 Qc6 25. Bxd6 Qxd6 26. Qxb7 Rb8 27. Qd5 Qb6 28. Ne6 Bh6 29. a4 Qa6 30. Rfb1 Rxb1+ 31. Rxb1 Qxa4 32. Rb8+ Bf8 33. Nxf8 1-0

[Event "Titled Tuesday intern op 16th June"]
[Site "Chess.com INT"]
[Date "2020.06.16"]
[Round "4"]
[White "Alexandru-Vasile David"]
[Black "Rameshbabu Praggnanandhaa"]
[Result "0-1"]
[EventDate "?"]
[WhiteElo "2428"]
[BlackElo "2608"]
[Source "chessbites.com"]
[PlyCount "60"]

1. d4 Nf6 2. c4 e6 3. Nc3 Bb4 4. e3 O-O 5. Bd3 d5 6. a3 Bxc3+ 7. bxc3 c6 8. Ne2 b6 9. O-O Ba6 10. cxd5 Bxd3 11. Qxd3 cxd5 12. f3 Nbd7 13. e4 dxe4 14. fxe4 Nc5 15. Qh3 Ncxe4 16. Bf4 Nd7 17. Qd3 Nef6 18. Bg5 Qc7 19. Ng3 Rac8 20. Bxf6 Nxf6 21. Rxf6 gxf6 22. Nh5 f5 23. c4 f6 24. Rd1 Kh8 25. d5 exd5 26. cxd5 Qe5 27. d6 f4 28. Qf3 Rcd8 29. d7 Rf7 30. Qh3 Qe3+ 0-1

[Event "Titled Tuesday intern op 16th June"]
[Site "Chess.com INT"]
[Date "2020.06.16"]
[Round "9"]
[White "George Stoleriu"]
[Black "Rameshbabu Praggnanandhaa"]
[Result "0-1"]
[EventDate "?"]
[WhiteElo "2349"]
[BlackElo "2608"]
[Source "chessbites.com"]
[PlyCount "112"]

1. e4 c5 2. Nf3 e6 3. b3 b6 4. Bb2 Bb7 5. Nc3 Nc6 6. g3 Be7 7. Bg2 d6 8. O-O Bf6 9. Na4 Bxb2 10. Nxb2 Nf6 11. Re1 e5 12. c3 O-O 13. d4 Qc7 14. Rc1 Rad8 15. Qe2 exd4 16. cxd4 Rfe8 17. Qd2 Nxe4 18. Qf4 Nf6 19. dxc5 Rxe1+ 20. Nxe1 bxc5 21. Rxc5 Qe7 22. Rc1 Ne5 23. Bxb7 Qxb7 24. Nbd3 Qd5 25. Nxe5 dxe5 26. Qe3 a6 27. Rc5 Qd1 28. Rxe5 h5 29. Qe2 Qd4 30. Nf3 Qg4 31. Kg2 g6 32. Qxa6 Nd5 33. Qc4 Qd7 34. a4 Qb7 35. a5 Nf6 36. a6 Qa7 37. Qc5 Qxa6 38. Qe7 Rd1 39. Kh3 Ng4 40. Qe8+ Kg7 41. Rg5 Nxf2+ 42. Kh4 Ng4 43. Qa4 Qf6 44. Qf4 Qxf4 45. gxf4 Rd3 46. Ne5 Nxe5 47. Rxe5 Rxb3 48. Re7 Kf6 49. Ra7 Rf3 50. Ra4 Kf5 51. Ra5+ Kxf4 52. Ra4+ Ke5 53. Ra5+ Kf6 54. Ra6+ Kg7 55. Ra5 Kh6 56. Ra6 f6 0-1

[Event "Titled Tuesday intern op 16th June"]
[Site "Chess.com INT"]
[Date "2020.06.16"]
[Round "10"]
[White "Rameshbabu Praggnanandhaa"]
[Black "Stelios Halkias"]
[Result "1-0"]
[EventDate "?"]
[WhiteElo "2608"]
[BlackElo "2563"]
[Source "chessbites.com"]
[PlyCount "70"]

1. e4 c5 2. Nf3 Nc6 3. Bb5 g6 4. Bxc6 dxc6 5. d3 Bg7 6. h3 e5 7. Nc3 Ne7 8. Be3 b6 9. O-O O-O 10. Qd2 Be6 11. Bh6 f6 12. Ne2 g5 13. Bxg7 Kxg7 14. Ng3 Ng6 15. c3 Qe7 16. d4 cxd4 17. cxd4 Rad8 18. Qe3 h6 19. Rac1 Qe8 20. Rfd1 Kh7 21. Qa3 Rf7 22. Rd2 Nf4 23. Rcd1 Rfd7 24. dxe5 fxe5 25. Qc3 Rxd2 26. Rxd2 Rxd2 27. Qxd2 Bxa2 28. Qd6 Be6 29. Nxe5 c5 30. Qc7+ Kg8 31. Nf5 Bxf5 32. exf5 Qf8 33. Qd7 Qf6 34. Ng4 Qd4 35. Qe8+ 1-0

[Event "Titled Tuesday intern op 16th June"]
[Site "Chess.com INT"]
[Date "2020.06.16"]
[Round "6"]
[White "Martin Cerveny"]
[Black "Rameshbabu Praggnanandhaa"]
[Result "1-0"]
[EventDate "?"]
[WhiteElo "2386"]
[BlackElo "2608"]
[Source "chessbites.com"]
[PlyCount "88"]

1. d4 Nf6 2. c4 Nc6 3. Nf3 e6 4. g3 Bb4+ 5. Bd2 Qe7 6. Bg2 Bxd2+ 7. Nbxd2 O-O 8. O-O d6 9. e3 e5 10. Qc2 Bg4 11. dxe5 Nxe5 12. Nxe5 Qxe5 13. b4 a5 14. b5 Rab8 15. Rae1 Qh5 16. Nb3 Bf3 17. Nd4 Bxg2 18. Kxg2 Rfe8 19. Qf5 Qxf5 20. Nxf5 Nd7 21. Rc1 Nc5 22. b6 cxb6 23. Nxd6 Re6 24. Rfd1 g6 25. Rd4 Kg7 26. Rcd1 Na4 27. R1d3 Re7 28. e4 f6 29. f3 Nc5 30. Rd2 Rc7 31. Nb5 Rc6 32. h4 Kf7 33. f4 Ke6 34. Kf3 f5 35. exf5+ gxf5 36. Rd6+ Kf7 37. R2d5 Ke7 38. Re5+ Kf7 39. Rxf5+ Ke7 40. Re5+ Kf7 41. g4 Na4 42. Rd7+ Kf6 43. h5 Rxc4 44. g5# 1-0

[Event "Sukooon Resort Indian"]
[Site "Chess.com INT"]
[Date "2020.05.16"]
[Round "6.1"]
[White "Rameshbabu Praggnanandhaa"]
[Black "P V Nandhidhaa"]
[Result "1-0"]
[EventDate "?"]
[WhiteElo "2608"]
[BlackElo "2365"]
[Source "chessbites.com; date by Chess Assistant 21"]
[PlyCount "126"]

1. e4 c5 2. Nf3 e6 3. g3 Nc6 4. Bg2 Nf6 5. d3 d5 6. Qe2 Be7 7. O-O O-O 8. e5 Nd7 9. c4 Nb6 10. Nc3 Nd4 11. Nxd4 cxd4 12. Nb1 dxc4 13. dxc4 d3 14. Qg4 Qc7 15. Bf4 Rd8 16. Nd2 Bd7 17. Ne4 Bc6 18. Nf6+ Kh8 19. Nh5 Rg8 20. b3 Bxg2 21. Kxg2 Rad8 22. Rad1 Nd7 23. Rxd3 Nxe5 24. Bxe5 Qxe5 25. Rfd1 g6 26. Nf4 Rxd3 27. Rxd3 Rd8 28. Qd1 Qe4+ 29. Qf3 Qxf3+ 30. Kxf3 Rxd3+ 31. Nxd3 f5 32. Ke3 Bf6 33. f4 b6 34. b4 Kg7 35. c5 bxc5 36. bxc5 Kf7 37. Nb4 Ke8 38. Kd3 Kd7 39. Kc4 e5 40. fxe5 Bxe5 41. Kd5 Bc7 42. Nd3 g5 43. c6+ Ke7 44. Ne5 f4 45. gxf4 gxf4 46. Nf3 Bb8 47. Nd4 Kf6 48. Ke4 Ke7 49. Nb5 Kd8 50. h4 Bc7 51. Nxa7 Bb6 52. Nb5 Be3 53. a4 Kc8 54. a5 Kb8 55. a6 Kc8 56. h5 h6 57. a7 Bxa7 58. Nxa7+ Kc7 59. Kxf4 Kb6 60. Kf5 Kxa7 61. Kg6 Kb6 62. Kxh6 Kxc6 63. Kg7 1-0

[Event "Sukooon Resort Indian"]
[Site "Chess.com INT"]
[Date "2020.05.16"]
[Round "7.5"]
[White "Mohammad Nubairshah Shaikh"]
[Black "Rameshbabu Praggnanandhaa"]
[Result "0-1"]
[EventDate "?"]
[WhiteElo "2445"]
[BlackElo "2608"]
[Source "chessbites.com; date by Chess Assistant 21"]
[PlyCount "90"]

1. d4 Nf6 2. c4 e6 3. Nc3 Bb4 4. e3 O-O 5. Ne2 d5 6. a3 Be7 7. cxd5 exd5 8. g3 c6 9. Bg2 Re8 10. O-O a5 11. Qc2 Na6 12. Bd2 Nc7 13. Rad1 Ne6 14. Bc1 b5 15. e4 b4 16. e5 bxc3 17. exf6 Bxf6 18. bxc3 Ba6 19. Rfe1 Qd6 20. a4 Bc4 21. Nf4 Nxf4 22. Bxf4 Qa3 23. Ra1 Rxe1+ 24. Rxe1 h6 25. Rb1 Re8 26. h4 Qe7 27. Bf3 c5 28. dxc5 Qxc5 29. Rb7 g6 30. Kg2 Re1 31. h5 Bf1+ 32. Kh2 Re2 33. Be3 Qxe3 34. Qxe2 Qxe2 35. Bxe2 Bxe2 36. hxg6 fxg6 37. Rc7 Bc4 38. Rc6 Kf7 39. Rc7+ Ke6 40. Rc6+ Ke7 41. f4 Bxc3 42. Rxg6 d4 43. Rc6 d3 44. Rxc4 d2 45. Rxc3 d1=Q 0-1

[Event "Sukooon Resort Indian"]
[Site "Chess.com INT"]
[Date "2020.05.16"]
[Round "9.4"]
[White "Soumya Swaminathan"]
[Black "Rameshbabu Praggnanandhaa"]
[Result "0-1"]
[EventDate "?"]
[WhiteElo "2351"]
[BlackElo "2608"]
[Source "chessbites.com; date by Chess Assistant 21"]
[PlyCount "64"]

1. Nf3 Nf6 2. c4 e6 3. d4 d5 4. g3 dxc4 5. Bg2 a6 6. Ne5 Bb4+ 7. Kf1 O-O 8. a3 Be7 9. Nc3 Nd5 10. Nxc4 c5 11. e4 Nxc3 12. bxc3 b5 13. Ne5 cxd4 14. cxd4 Bb7 15. Bb2 Nd7 16. Nxd7 Qxd7 17. Qe2 Rac8 18. Bf3 Rc4 19. Kg2 Rfc8 20. Rhd1 Bg5 21. Qd3 Rc2 22. Rab1 Bf6 23. Qb3 R2c4 24. e5 Be7 25. Qe3 Bd5 26. h4 h6 27. Kh2 Rc2 28. Kg2 a5 29. Rd2 Bxf3+ 30. Kxf3 Qd5+ 31. Ke2 b4 32. Rd1 bxa3 0-1

[Event "Sukooon Resort Indian"]
[Site "Chess.com INT"]
[Date "2020.05.16"]
[Round "8.2"]
[White "Rameshbabu Praggnanandhaa"]
[Black "Girish A Koushnik"]
[Result "0-1"]
[EventDate "?"]
[WhiteElo "2608"]
[BlackElo "2498"]
[Source "chessbites.com; date by Chess Assistant 21"]
[PlyCount "102"]

1. Nf3 d5 2. g3 g6 3. c4 c6 4. Qa4 d4 5. Bg2 Bg7 6. O-O e5 7. d3 Ne7 8. b4 O-O 9. Nbd2 Bg4 10. Ba3 Nd7 11. Rab1 Kh8 12. h3 Bxf3 13. Bxf3 Qc7 14. Rfe1 f5 15. Bg2 g5 16. Bb2 Ng6 17. e3 dxe3 18. Rxe3 e4 19. Bxg7+ Kxg7 20. dxe4 f4 21. Ra3 Nde5 22. Qc2 Rad8 23. c5 a6 24. Qb2 Kh6 25. Rc3 Qf7 26. Nf3 Qf6 27. Qc2 Nxf3+ 28. Rxf3 Ne5 29. Rfb3 Rd4 30. Rd1 Rfd8 31. Rbb1 R8d7 32. Rxd4 Rxd4 33. Rd1 Qd8 34. Rxd4 Qxd4 35. gxf4 gxf4 36. Qb3 Qc4 37. Qb2 Qe6 38. Qd4 Qf6 39. Kf1 f3 40. Bxf3 Qxf3 41. Qxe5 Qxh3+ 42. Ke1 Qh1+ 43. Ke2 Qb1 44. Qf6+ Kh5 45. Qf5+ Kh6 46. Kf3 Qxb4 47. Kg4 Kg7 48. Kh5 Qd4 49. e5 Qxc5 50. Qg5+ Kf8 51. Qf6+ Ke8 0-1

[Event "Sukooon Resort Indian"]
[Site "Chess.com INT"]
[Date "2020.05.15"]
[Round "1.3"]
[White "Rameshbabu Praggnanandhaa"]
[Black "Ghosh Aronyak"]
[Result "1-0"]
[EventDate "?"]
[WhiteElo "2608"]
[BlackElo "2436"]
[Source "chessbites.com; date by Chess Assistant 21"]
[PlyCount "78"]

1. Nf3 d5 2. g3 Nf6 3. Bg2 Nbd7 4. d4 b5 5. Ne5 Bb7 6. c3 e6 7. a4 b4 8. a5 Nxe5 9. dxe5 Nd7 10. Qa4 Rb8 11. cxb4 Ba6 12. Bd2 Bb5 13. Qc2 Nxe5 14. Na3 Nc4 15. Bc3 Nxa3 16. bxa3 f6 17. O-O Bd6 18. Rfe1 O-O 19. e4 c6 20. e5 fxe5 21. Bxe5 Rb7 22. Bh3 Re7 23. f4 g6 24. Rad1 Bxe5 25. Rxe5 Qd6 26. Qc3 Rfe8 27. Qd4 a6 28. Rde1 Bc4 29. Bg4 Bb5 30. h4 h5 31. Bh3 Kf8 32. Kh2 Kg8 33. Rg5 Rg7 34. Qf6 Rf8 35. Bxe6+ Kh7 36. Qd4 Re8 37. f5 Kh6 38. Qf6 Reg8 39. Rxh5+ 1-0

[Event "Sukooon Resort Indian"]
[Site "Chess.com INT"]
[Date "2020.05.15"]
[Round "2.3"]
[White "Abhijeet Gupta"]
[Black "Rameshbabu Praggnanandhaa"]
[Result "0-1"]
[EventDate "?"]
[WhiteElo "2612"]
[BlackElo "2608"]
[Source "chessbites.com; date by Chess Assistant 21"]
[PlyCount "156"]

1. d4 Nf6 2. c4 e6 3. Nf3 d5 4. Nc3 c6 5. Bg5 h6 6. Bh4 dxc4 7. e4 g5 8. Bg3 b5 9. Be2 Bb7 10. e5 Nh5 11. Nxg5 Nxg3 12. Nxf7 Kxf7 13. fxg3 Rh7 14. O-O+ Kg8 15. Bg4 Na6 16. Ne4 Kh8 17. Nf6 Re7 18. Kh1 c5 19. Qc2 Rg7 20. Qc1 Rg6 21. Bh5 Rg5 22. d5 Nb4 23. Ne8 Rf5 24. Rxf5 exf5 25. Nd6 Bxd5 26. Bf3 Kh7 27. Bxd5 Nxd5 28. Qd2 Bxd6 29. Qxd5 Bf8 30. Qf7+ Bg7 31. Qxf5+ Kh8 32. h3 Qe7 33. Re1 Rf8 34. Qe4 Qe6 35. Kh2 b4 36. Re2 a5 37. Rc2 Qxe5 38. Qxc4 a4 39. b3 axb3 40. axb3 Rc8 41. Re2 Qd6 42. Qf7 Qf6 43. Qd7 Rf8 44. Qd5 Qd4 45. Qe6 Rf1 46. h4 Rf6 47. Qc8+ Rf8 48. Qe6 c4 49. bxc4 b3 50. c5 b2 51. Qb6 Rf1 52. Qb8+ Kh7 53. Rxb2 Qxb2 54. Qd6 Qd4 55. Qa6 Rf8 56. c6 Qe5 57. Qd3+ Kh8 58. Qd7 Qe8 59. Qd6 Qc8 60. c7 Re8 61. h5 Qg4 62. Qd8 Qxh5+ 63. Kg1 Qc5+ 64. Kh2 Qf8 65. Qd7 Rc8 66. Kh1 Qe8 67. Qd6 Qh5+ 68. Kg1 Qe5 69. Qd8+ Qe8 70. Qd6 Kh7 71. Qd3+ Kg8 72. Qd5+ Kh8 73. Qd6 Qf8 74. Qd7 Qc5+ 75. Kh2 Qxc7 76. Qf5 Rf8 77. Qg6 Qe5 78. Qg4 Qg5 0-1

[Event "Sukooon Resort Indian"]
[Site "Chess.com INT"]
[Date "2020.05.15"]
[Round "4.2"]
[White "Hagawane Aakanksha"]
[Black "Rameshbabu Praggnanandhaa"]
[Result "0-1"]
[EventDate "?"]
[WhiteElo "2238"]
[BlackElo "2608"]
[Source "chessbites.com; date by Chess Assistant 21"]
[PlyCount "74"]

1. e4 c5 2. Nf3 Nc6 3. d3 g6 4. g3 Bg7 5. Bg2 d6 6. O-O Nf6 7. Nbd2 O-O 8. Re1 e5 9. Nf1 h6 10. h4 Be6 11. c3 Re8 12. Ne3 d5 13. exd5 Nxd5 14. Nxd5 Bxd5 15. Be3 Qd6 16. Qa4 Rad8 17. Rad1 b6 18. c4 Be6 19. a3 Bd7 20. Qb3 Bg4 21. Rd2 Qc7 22. Qa4 Bd7 23. Qb3 Bf5 24. Qd1 Re7 25. Nh2 Red7 26. Bd5 Rxd5 27. cxd5 Rxd5 28. Qb3 Qd7 29. Red1 Na5 30. Qa2 Bxd3 31. b3 e4 32. Nf1 c4 33. bxc4 Nxc4 34. Rxd3 Rxd3 35. Rc1 Ne5 36. a4 Qh3 37. Nh2 Nf3+ 0-1

[Event "Aeroflot Open"]
[Site "Moscow RUS"]
[Date "2020.02.23"]
[Round "5.21"]
[White "Mikhail Antipov"]
[Black "Rameshbabu Praggnanandhaa"]
[Result "1-0"]
[EventDate "2020.02.19"]
[WhiteElo "2562"]
[BlackElo "2602"]
[PlyCount "77"]

1. e4 e5 2. Nf3 Nc6 3. Bc4 Nf6 4. d3 Bc5 5. O-O d6 6. c3 O-O 7. Re1 h6 8. h3 a6 9. a4 a5 10. Nbd2 Be6 11. Ra2 Re8 12. b3 Bxc4 13. bxc4 Bb6 14. Nf1 Ne7 15. Nh4 Ng6 16. Nf5 Re6 17. Qf3 c6 18. Rb2 d5 19. Bd2 dxe4 20. dxe4 Nd7 21. Rd1 Nh4 22. Nxh4 Qxh4 23. Be1 Rd8 24. Rxd7 Rxd7 25. Rxb6 Qe7 26. Rb3 Qc5 27. Ne3 g6 28. Qe2 Red6 29. Kh2 Kg7 30. Qb2 Re6 31. Bd2 Qd6 32. Bc1 Qd3 33. f3 f5 34. Rxb7 f4 35. Nd5 Rd6 36. c5 Qa6 37. Rb6 Qf1 38. cxd6 Qe1 39. Bxf4 1-0

[Event "Leon Masters"]
[Site "Leon ESP"]
[Date "2018.07.06"]
[Round "1.1"]
[White "Wesley So"]
[Black "Rameshbabu Praggnanandhaa"]
[Result "0-1"]
[EventDate "2018.07.06"]
[WhiteElo "2780"]
[BlackElo "2529"]
[PlyCount "128"]

1. d4 Nf6 2. Nc3 d5 3. Bf4 Bf5 4. Nb5 Na6 5. e3 e6 6. c4 Be7 7. a3 O-O 8. c5 Ne8 9. b4 c6 10. Nc3 Nb8 11. g4 Bg6 12. Nf3 Nf6 13. Ne5 Nfd7 14. Nxg6 fxg6 15. Bg3 g5 16. Bd3 Bf6 17. h4 gxh4 18. Bd6 e5 19. g5 Bxg5 20. Qh5 e4 21. Nxe4 dxe4 22. Bc4+ Kh8 23. Bxf8 g6 24. Qg4 Nxf8 25. Qxe4 Qe7 26. Qxe7 Bxe7 27. Ke2 g5 28. Rab1 a6 29. d5 cxd5 30. Bxd5 Nc6 31. Rhd1 Rb8 32. Be4 Kg7 33. b5 axb5 34. Rxb5 Na7 35. Rxb7 Rxb7 36. Bxb7 Bxc5 37. a4 Kf6 38. Be4 h6 39. Rd5 Ne6 40. Rf5+ Ke7 41. Bd5 Bd6 42. a5 h3 43. Kf3 h5 44. Bxe6 g4+ 45. Ke4 Kxe6 46. Rxh5 h2 47. Rh6+ Ke7 48. Kd5 Bc7 49. a6 Kf7 50. e4 Kg7 51. Rh5 Kg6 52. Rh8 Kf6 53. Kc5 Kg5 54. Kd4 Bb6+ 55. Kd5 Bxf2 56. Rxh2 g3 57. Rh8 Nb5 58. Rg8+ Kf4 59. Rf8+ Ke3 60. e5 g2 61. Rg8 Kf3 62. Kc6 Bg3 63. e6 g1=Q 64. e7 Nc7 0-1

[Event "Leon Masters"]
[Site "Leon ESP"]
[Date "2018.07.06"]
[Round "1.2"]
[White "Rameshbabu Praggnanandhaa"]
[Black "Wesley So"]
[Result "0-1"]
[EventDate "2018.07.06"]
[WhiteElo "2529"]
[BlackElo "2780"]
[PlyCount "68"]

1. e4 c5 2. Nf3 d6 3. Bb5+ Nd7 4. a4 Nf6 5. Nc3 g6 6. a5 a6 7. Bc4 Bg7 8. d3 O-O 9. O-O Nb8 10. e5 Ne8 11. Nd5 Nc6 12. Nb6 Rb8 13. Nxc8 Rxc8 14. e6 f6 15. Qe1 d5 16. Bb3 Qd6 17. Ra4 Nc7 18. Bf4 Ne5 19. Bxe5 fxe5 20. c4 e4 21. dxe4 d4 22. e5 Qc6 23. Ra3 Nxe6 24. Ba4 Qc7 25. Rb3 Nd8 26. Qe4 Qxa5 27. Bd7 Rb8 28. Qd5+ Kh8 29. Ng5 Qc7 30. f4 b5 31. Rh3 h6 32. Ne6 Nxe6 33. Bxe6 Rb6 34. Rg3 Rd8 0-1

[Event "Leon Masters"]
[Site "Leon ESP"]
[Date "2018.07.06"]
[Round "1.3"]
[White "Wesley So"]
[Black "Rameshbabu Praggnanandhaa"]
[Result "1/2-1/2"]
[EventDate "2018.07.06"]
[WhiteElo "2780"]
[BlackElo "2529"]
[PlyCount "106"]

1. d4 Nf6 2. Bf4 d5 3. Nc3 Bf5 4. Nb5 Na6 5. e3 e6 6. c4 c6 7. Nc3 Nb4 8. Rc1 Qa5 9. Qd2 dxc4 10. Bxc4 Nbd5 11. Be5 Nxc3 12. Bxf6 gxf6 13. bxc3 Rg8 14. g3 Ba3 15. Rd1 Rd8 16. f3 b5 17. Bd3 b4 18. Bxf5 bxc3 19. Qc2 Rb8 20. Be4 Rb2 21. Bxc6+ Ke7 22. Qa4 Qxa4 23. Bxa4 c2 24. Bxc2 Rxc2 25. Nh3 Bb4+ 26. Kf1 Rgc8 27. Rg1 Rxh2 28. Nf2 Rc2 29. Rg2 Rxg2 30. Kxg2 Bd2 31. Kh3 Bxe3 32. Ng4 Bc1 33. d5 exd5 34. Rxd5 Rxa2 35. Rc5 h5 36. Rxh5 Bb2 37. Rc5 Bd4 38. Rc4 Rd2 39. Nh6 Ke6 40. Kg4 Kd5 41. Ra4 Be3 42. f4 Bb6 43. Kf5 Rd3 44. g4 Rd4 45. Ra6 Bc7 46. Kxf6 Rxf4+ 47. Kg7 Bb6 48. g5 Ke6 49. Ra2 Rf3 50. Re2+ Re3 51. Rg2 Rf3 52. Re2+ Re3 53. Rg2 Rf3 1/2-1/2

[Event "Leon Masters"]
[Site "Leon ESP"]
[Date "2018.07.06"]
[Round "1.4"]
[White "Rameshbabu Praggnanandhaa"]
[Black "Wesley So"]
[Result "0-1"]
[EventDate "2018.07.06"]
[WhiteElo "2529"]
[BlackElo "2780"]
[PlyCount "116"]

1. e4 e5 2. Nf3 Nc6 3. Bc4 Bc5 4. O-O Nf6 5. d3 O-O 6. a4 h6 7. h3 d6 8. c3 a5 9. Re1 Be6 10. Bxe6 fxe6 11. Be3 Bxe3 12. Rxe3 Qe8 13. Nbd2 Nh5 14. g3 Qf7 15. Qe2 Rad8 16. Nh4 d5 17. Rf1 Nf6 18. Qd1 d4 19. cxd4 exd4 20. Ree1 g5 21. Ng2 Qh5 22. Qxh5 Nxh5 23. Nc4 Nf6 24. Rc1 Nd7 25. Na3 Nde5 26. Rfd1 Rd7 27. Nc4 Nf3+ 28. Kf1 Rdf7 29. Rc2 Kg7 30. Ne1 Nfe5 31. Nxe5 Nxe5 32. Rdc1 c5 33. Ra1 b6 34. Kg1 h5 35. Kg2 Kf6 36. Ra3 Ke7 37. Rb3 Nd7 38. Re2 Kd6 39. Nc2 Kc6 40. Na3 Ne5 41. Nc4 Nxc4 42. dxc4 g4 43. hxg4 hxg4 44. Rd3 Rh8 45. Rd1 Rfh7 46. Rg1 Rh2+ 47. Kf1 Rf8 48. e5 Rf3 49. Rg2 Rh1+ 50. Rg1 Rxg1+ 51. Kxg1 Rb3 52. Kg2 Rb4 53. f3 Rxc4 54. fxg4 d3 55. Rf2 Rc2 56. Kf3 d2 57. Rxd2 Rxd2 58. g5 Kd5 0-1

[Event "Ortisei Server24 op 4th"]
[Site "Ortisei"]
[Date "2018.06.19"]
[Round "4"]
[White "Rameshbabu Praggnanandhaa"]
[Black "Adolf Herzog"]
[Result "1-0"]
[EventDate "?"]
[WhiteElo "2529"]
[BlackElo "2344"]
[Source "chessbites.com; date by Chess Assistant 21"]
[PlyCount "106"]

1. e4 e6 2. d4 d5 3. Nd2 c5 4. exd5 exd5 5. Ngf3 Nc6 6. Bb5 Bd6 7. dxc5 Bxc5 8. O-O Ne7 9. Nb3 Bd6 10. Re1 O-O 11. Bd3 h6 12. h3 Bf5 13. Bxf5 Nxf5 14. c3 Qd7 15. Qd3 Rad8 16. Bd2 Nfe7 17. Rad1 Qc8 18. Be3 Rfe8 19. Bc5 Bb8 20. Bxe7 Rxe7 21. Rxe7 Nxe7 22. Nbd4 a6 23. Re1 Ng6 24. Nf5 Qd7 25. g3 Ba7 26. Kg2 Bc5 27. h4 Ne7 28. Nxe7+ Bxe7 29. Nd4 Bf6 30. Nf5 d4 31. cxd4 Qd5+ 32. Qf3 Kf8 33. b3 Qxf3+ 34. Kxf3 h5 35. Rc1 g6 36. Ne3 Bxd4 37. Rc7 b5 38. Nc2 Be5 39. Rc5 f6 40. Rc6 Rd6 41. Nb4 Ke7 42. Rxa6 Rxa6 43. Nxa6 Bd6 44. Ke4 Ke6 45. Kd4 g5 46. a4 bxa4 47. bxa4 gxh4 48. gxh4 Kf5 49. a5 Kg4 50. Kd5 Bh2 51. Nb4 Bg1 52. Nd3 Bh2 53. Kc6 1-0

[Event "Reykjavik Open"]
[Site "Reykjavik ISL"]
[Date "2018.03.13"]
[Round "8.9"]
[White "Emre Can"]
[Black "Rameshbabu Praggnanandhaa"]
[Result "1/2-1/2"]
[EventDate "2018.03.06"]
[WhiteElo "2603"]
[BlackElo "2507"]
[PlyCount "187"]

1. Nf3 Nf6 2. c4 e6 3. g3 d5 4. d4 Bb4+ 5. Bd2 Bd6 6. Bg2 c6 7. O-O O-O 8. b3 Ne4 9. Bc1 Qe7 10. Bb2 f5 11. Nbd2 Nd7 12. Rc1 a5 13. Ne1 b5 14. c5 Bc7 15. Nd3 b4 16. f3 Nxd2 17. Qxd2 Nf6 18. Rfe1 Ba6 19. Nf2 Nh5 20. Nh3 Nf6 21. e3 Rae8 22. Ra1 Ra8 23. a3 Rfb8 24. Nf2 Qd8 25. e4 a4 26. axb4 axb3 27. exf5 exf5 28. Qe3 f4 29. gxf4 Bb5 30. Ng4 Rxa1 31. Rxa1 Qd7 32. Bh3 Re8 33. Qxb3 Nxg4 34. fxg4 Bxf4 35. Qf3 Qc7 36. Bf1 Bxh2+ 37. Kh1 Rf8 38. Qg2 Bxf1 39. Rxf1 Bf4 40. b5 Qe7 41. g5 Qxg5 42. Qxg5 Bxg5 43. Rg1 Be3 44. Re1 Bf2 45. Re6 cxb5 46. Rd6 Be3 47. c6 Rf1+ 48. Kg2 Rf2+ 49. Kh3 Rxb2 50. c7 Rc2 51. Rd8+ Kf7 52. c8=Q Rxc8 53. Rxc8 Bxd4 54. Rb8 Ke6 55. Kg4 Bf6 56. Rxb5 Ke5 57. Rb4 d4 58. Kf3 Kf5 59. Rb5+ Be5 60. Rb1 h5 61. Rh1 g6 62. Rh4 Kg5 63. Rh1 Kf5 64. Rh4 Bf6 65. Rf4+ Ke5 66. Re4+ Kf5 67. Rf4+ Ke5 68. Re4+ Kd5 69. Rf4 Be5 70. Rh4 Bd6 71. Rh1 Ke5 72. Rh4 Kd5 73. Rh1 Be7 74. Re1 Bf6 75. Kf4 d3 76. Ke3 Kc4 77. Rc1+ Bc3 78. Rh1 Bd4+ 79. Kd2 Bc3+ 80. Kd1 Bf6 81. Rf1 Bd4 82. Kd2 Bc3+ 83. Ke3 Bd4+ 84. Kd2 Be5 85. Rf3 Bc3+ 86. Ke3 Bg7 87. Kd2 Bc3+ 88. Ke3 Bb4 89. Rg3 Bc5+ 90. Kd2 Bb4+ 91. Ke3 Bc5+ 92. Kd2 Bb4+ 93. Ke3 Bc5+ 94. Ke4 1/2-1/2

[Event "Rilton Cup 2017/18"]
[Site "Stockholm SWE"]
[Date "2018.01.05"]
[Round "9.14"]
[White "David J Eggleston"]
[Black "Rameshbabu Praggnanandhaa"]
[Result "1-0"]
[EventDate "2017.12.27"]
[WhiteElo "2389"]
[BlackElo "2517"]
[PlyCount "83"]

1. e4 c5 2. Nf3 e6 3. d4 cxd4 4. Nxd4 a6 5. Nc3 Qc7 6. Bd3 Nf6 7. O-O Bc5 8. Nb3 Be7 9. f4 d6 10. a4 Nc6 11. Be3 b6 12. Qf3 Bb7 13. f5 exf5 14. Qxf5 Ne5 15. h3 O-O 16. Qf2 Nfd7 17. Nd4 g6 18. Nde2 f5 19. exf5 Nxd3 20. cxd3 Rxf5 21. Qg3 Raf8 22. Rxf5 Rxf5 23. Nd4 Rf7 24. Ne6 Qc6 25. Ng5 Rf5 26. Nf3 Qc8 27. Ne4 Ne5 28. Nxe5 dxe5 29. Bxb6 Qc2 30. Qe3 Qxb2 31. Re1 Bh4 32. Re2 Qb1+ 33. Kh2 Rf7 34. a5 Bc6 35. Nd2 Qc2 36. Nf3 Qa4 37. Nxe5 Re7 38. d4 Bf6 39. Bc5 Re6 40. Qf4 Kg7 41. Ng4 Qb3 42. Qh6+ 1-0

[Event "Rilton Cup 2017/18"]
[Site "Stockholm SWE"]
[Date "2018.01.04"]
[Round "8.19"]
[White "Rameshbabu Praggnanandhaa"]
[Black "Yi Liu"]
[Result "1-0"]
[EventDate "2017.12.27"]
[WhiteElo "2517"]
[BlackElo "2366"]
[PlyCount "71"]

1. e4 e6 2. d4 d5 3. Nd2 Nf6 4. e5 Nfd7 5. Bd3 c5 6. c3 Nc6 7. Ngf3 g6 8. h4 h6 9. Qe2 Qb6 10. dxc5 Nxc5 11. Bc2 Bg7 12. Nb3 Nxb3 13. axb3 Qc7 14. Bf4 Bd7 15. Bg3 O-O-O 16. b4 Kb8 17. b5 Ne7 18. Nd4 Nc8 19. O-O Bf8 20. Bd3 Bc5 21. Rfc1 Rdg8 22. Nb3 Bb6 23. c4 dxc4 24. Bxc4 Qd8 25. Rd1 Qe7 26. Nd2 g5 27. h5 Bc5 28. Ne4 Nb6 29. Bd3 Nd5 30. Nf6 Nf4 31. Bxf4 gxf4 32. Nxd7+ Qxd7 33. Bh7 Qe7 34. Bxg8 Rxg8 35. Qf3 Rg5 36. Rd2 1-0

[Event "Rilton Cup 2017/18"]
[Site "Stockholm SWE"]
[Date "2018.01.03"]
[Round "7.13"]
[White "Rameshbabu Praggnanandhaa"]
[Black "Vasily Usmanov"]
[Result "0-1"]
[EventDate "2017.12.27"]
[WhiteElo "2517"]
[BlackElo "2467"]
[PlyCount "82"]

1. b3 e5 2. Bb2 Nc6 3. e3 Nf6 4. Bb5 Bd6 5. Na3 Na5 6. Nf3 a6 7. Be2 Qe7 8. Nb1 O-O 9. d3 Nc6 10. O-O Re8 11. c4 b5 12. Nc3 b4 13. Nd5 Nxd5 14. cxd5 Na7 15. Nd2 Bb7 16. Bf3 c6 17. dxc6 Bxc6 18. Rc1 Bc7 19. Bxc6 dxc6 20. Ne4 Rad8 21. Rc4 Rd5 22. Qc2 Red8 23. d4 exd4 24. Bxd4 Nb5 25. Bc5 Bxh2+ 26. Kxh2 Qh4+ 27. Kg1 Na3 28. Qc1 Nxc4 29. bxc4 Rh5 30. f3 f5 31. Nd2 Qg3 32. Qc2 Rh2 33. Rf2 Qh4 34. Kf1 Rh1+ 35. Ke2 Rxd2+ 36. Qxd2 Qxc4+ 37. Qd3 Qxa2+ 38. Qd2 Qc4+ 39. Qd3 Re1+ 40. Kxe1 Qxd3 41. Rd2 Qc3 0-1